00669 2200265 4500001002100000005001700021020002200038035002400060040001200084082001400096084001600110090001600126100001800142245003300160250001700193260003300210300004100243650002200284850001200306990001700318990001700335990001700352990001700369990001700386YOGYA00000000010146020141020102432.0 a978-979-756-990-7 0010-041400000000060 aYOPDYOG 2[22]a728 aQ 728 Rin R aQ 728 Rin R aRINALDI MIRSA aRumah Acehc/ Ruinaldi Mirsa aEd.1, cet. 1 aYogyakartabGraha Ilmuc2013 axii, 123 hlm.bilus.c26 cm (5 eks.) aRumah Adat - Aceh aYOPDYOG a6341/PD.2014 a6342/PD.2014 a6343/PD.2014 a6344/PD.2014 a6345/PD.2014